000 00396nam a2200145Ia 4500
008 231129s2007||||xx |||||||||||||| ||spa||
020 _a978-958-664-198-2
040 _bspa
082 _a779 B582m
100 _aJosé Ignacio Roca
245 0 _aMiguel Angel Rojas: Objetivo subjetivo
260 _c2007
264 _aBanco de la República
942 _2ddc
_cBKS
999 _c21198
_d21198